Digital infrastructure for the learning health system (Record no. 218780)
[ view plain ]
| 000 -LEADER | |
|---|---|
| fixed length control field | 01603nam a2200349 a 4500 |
| 245 00 - TITLE STATEMENT | |
| Title | Digital infrastructure for the learning health system |
| 260 ## - PUBLICATION, DISTRIBUTION, ETC. (IMPRINT) | |
| Place of publication | Washington, D.C. : |
| Name of publisher | National Academies Press, |
| Year of publication | 2011. |
| 300 ## - PHYSICAL DESCRIPTION | |
| Number of Pages | xxvi, 308 p. : |
| Other physical details | col. ill. |
| 490 1# - SERIES STATEMENT | |
| Series statement | Learning health system series : roundtable on value & science-driven health care |
| 650 #0 - SUBJECT ADDED ENTRY--TOPICAL TERM | |
| Topical Term | Medical informatics. |
| Topical Term | Medical care. |
| 700 1# - ADDED ENTRY--PERSONAL NAME | |
| Personal name | Grossman, Claudia. |
| Personal name | Powers, Brian. |
| Personal name | McGinnis, J. Michael. |
| 856 40 - ELECTRONIC LOCATION AND ACCESS | |
| Uniform Resource Identifier | http://site.ebrary.com/lib/rucke/Doc?id=10506519 |
No items available.
